书目信息 |
| 题名: |
生物质气化反应特性研究
|
|
| 作者: | 丁亮 著 | |
| 分册: | ||
| 出版信息: | 北京 中国石化出版社 2020.06 |
|
| 页数: | 176页 | |
| 开本: | 24cm | |
| 丛书名: | ||
| 单 册: | ||
| 中图分类: | TK6 | |
| 科图分类: | ||
| 主题词: | 生物能源--sheng wu neng yuan--气化--研究 | |
| 电子资源: | ||
| ISBN: | 978-7-5114-5861-2 | |
| 000 | 01003nam0 2200241 450 | |
| 001 | 0100028448 | |
| 005 | 20211025120159.0 | |
| 010 | @a978-7-5114-5861-2@dCNY68.00 | |
| 100 | @a20200928d2020 em y0chiy50 ea | |
| 101 | 0 | @achi |
| 102 | @aCN@b110000 | |
| 105 | @aa a 000yy | |
| 106 | @ar | |
| 200 | 1 | @a生物质气化反应特性研究@Asheng wu zhi qi hua fan ying te xing yan jiu@f丁亮著 |
| 210 | @a北京@c中国石化出版社@d2020.06 | |
| 215 | @a176页@c图@d24cm | |
| 320 | @a有书目 (第165-176页) | |
| 330 | @a本书介绍了生物质能源的特点和转化利用方式, 重点介绍了生物质气化及共气化基本原理及相关基础研究工作。主要涵盖生物质热解、气化的动力学特性.影响气化反应活性的主要因素, 并结合生物质气化与煤气化各自的特点, 对生物质与煤共气化过程中的相互作用机理进行了初步探索, 可为生物质气化、煤气化、共气化以及催化气化等过程提供理论参考。 | |
| 606 | 0 | @a生物能源@Asheng wu neng yuan@x气化@x研究 |
| 690 | @aTK6@v5 | |
| 701 | 0 | @a丁亮@Ading liang@4著 |
| 801 | 0 | @aCN@c20210909 |
| 905 | @a河南城建学院图书馆@dTK6@eD542 | |
| 生物质气化反应特性研究/丁亮著.-北京:中国石化出版社,2020.06 |
| 176页:图;24cm |
| ISBN 978-7-5114-5861-2:CNY68.00 |
| 本书介绍了生物质能源的特点和转化利用方式, 重点介绍了生物质气化及共气化基本原理及相关基础研究工作。主要涵盖生物质热解、气化的动力学特性.影响气化反应活性的主要因素, 并结合生物质气化与煤气化各自的特点, 对生物质与煤共气化过程中的相互作用机理进行了初步探索, 可为生物质气化、煤气化、共气化以及催化气化等过程提供理论参考。 |
| ● |
| 相关链接 |
|
|
|
正题名:生物质气化反应特性研究
索取号:TK6/D542
 
预约/预借
| 序号 | 登录号 | 条形码 | 馆藏地/架位号 | 状态 | 备注 |
| 1 | 1545384 | 215453845 | 自科库501/501自科库 136排7列5层/ [索取号:TK6/D542] | 在馆 | |
| 2 | 1545385 | 215453854 | 自科库501/501自科库 136排7列5层/ [索取号:TK6/D542] | 在馆 |